| 000 | 00738 a2200205 4500 | ||
|---|---|---|---|
| 999 |
_c5414 _d5414 |
||
| 020 | _a3527298258 | ||
| 050 | 0 | 0 | _aTD 367 RUM 1999 |
| 100 | 1 |
_aRump, Hans Hermann _eauthor |
|
| 245 | 1 | 0 |
_aLaboratory manual for the examination of water, waste water, and soil / _cHans Hermann Rump ; English translation by Elisabeth J. Grayson. |
| 250 | _a3rd ed. | ||
| 264 |
_aNew York: _bWiley-VCH, _c1999 |
||
| 300 |
_a225 p. : _bill. |
||
| 500 | _aIncludes bibliographical references and index | ||
| 504 | _aIncludes bibliographical references and index | ||
| 650 | 0 |
_aWater quality _xMeasurement |
|
| 650 | 0 |
_aSewage _xAnalysis |
|
| 650 | 0 |
_aSoils _xAnalysis |
|
| 700 | 1 |
_aGrayson, Elisabeth J. _etranslator |
|
| 942 |
_2lcc _cBK _e3rd ed. _h367 _iRUM _kTD |
||